[Event "DVM U12 2018"]
[Site "Magdeburg GER"]
[Date "2018.12.30"]
[Round "7"]
[White "Kiefhaber, Julius"]
[Black "Helmer, Teo"]
[Result "1-0"]
[Termination "normal"]
[Board "10.2"]
[WhiteElo "1417"]
[BlackElo "1323"]
[WhiteTeam "Karlsruher SF"]
[BlackTeam "Muldental Wilkau-Haßlau"]
[PlyCount "135"]
[WhiteFideId "16245121"]
[BlackFideId "16275225"]
[EventCountry "GER"]
[EventRounds "7"]
[EventType "team-swiss"]
[EventDate "2018.12.26"]

1. e4 e5 2. Nf3 Nc6 3. Bc4 Bc5 4. c3 Nf6 5. d4 exd4 6. cxd4 Bb4+ 7. Bd2 Bxd2+
8. Nbxd2 d6 9. O-O Bg4 10. Re1 Qe7 11. Qc2 Nd7 12. Qb3 Na5 13. Qa4 Nxc4 14.
Qxc4 O-O 15. Qxc7 Qe6 16. e5 dxe5 17. Nxe5 Qd5 18. Nxd7 Bxd7 19. Nb3 Bc6 20. f3
Qg5 21. Qg3 Qf6 22. Re5 Rad8 23. Rae1 Rd7 24. Re8 Rxd4 25. Rxf8+ Kxf8 26. Nxd4
Qxd4+ 27. Kh1 g6 28. Qe5 Qxe5 29. Rxe5 a6 30. Kg1 Kg7 31. Kf2 Kf6 32. Rc5 Ke6
33. Ke3 f6 34. b3 Kd6 35. Kd4 Ke6 36. a4 Kd7 37. a5 Kd6 38. b4 Ke6 39. h3 Ke7
40. Rxc6 bxc6 41. Kc5 Kd7 42. Kb6 Kd6 43. Kxa6 c5 44. bxc5+ Kc6 45. Ka7 Kc7 46.
g4 h6 47. h4 h5 48. gxh5 gxh5 49. c6 f5 50. f4 Kxc6 51. Kb8 Kb5 52. Kc7 Kxa5
53. Kd6 Kb5 54. Ke5 Kc5 55. Kxf5 Kd5 56. Kg6 Ke6 57. f5+ Ke7 58. Kg7 Kd6 59. f6
Ke5 60. f7 Kf5 61. f8=Q+ Kg4 62. Qf6 Kg3 63. Kh6 Kg4 64. Kg6 Kg3 65. Kxh5 Kg2
66. Kg4 Kg1 67. Kg3 Kh1 68. Qf1# 1-0

[Event "DVM U12 2018"]
[Site "Magdeburg GER"]
[Date "2018.12.30"]
[Round "7"]
[White "Wagner, Ben"]
[Black "Hoffmann, Alexander"]
[Result "0-1"]
[Termination "normal"]
[Board "10.3"]
[WhiteElo "1194"]
[BlackElo "1392"]
[WhiteTeam "Muldental Wilkau-Haßlau"]
[BlackTeam "Karlsruher SF"]
[PlyCount "62"]
[WhiteFideId "16262298"]
[BlackFideId "16240219"]
[EventCountry "GER"]
[EventRounds "7"]
[EventType "team-swiss"]
[EventDate "2018.12.26"]

1. e4 e5 2. Nf3 Nc6 3. Bc4 Bc5 4. c3 Bb6 5. d3 d6 6. Be3 h6 7. O-O Bg4 8. Re1
Nf6 9. Nbd2 O-O 10. h3 Bh5 11. Nf1 Re8 12. Ng3 Bg6 13. Qd2 d5 14. exd5 Nxd5 15.
Bxh6 gxh6 16. Qxh6 Nf6 17. Qxg6+ Kh8 18. Bxf7 Rf8 19. Qh6+ Nh7 20. Ng5 Qxg5 21.
Qxg5 Nxg5 22. Bb3 Bxf2+ 23. Kh2 Bxe1 24. Rxe1 Rf2 25. Nh5 Nf3+ 26. Kh1 Nxe1 27.
h4 Rxg2 28. a3 Rf8 29. Ng3 Rxg3 30. Kh2 Rg2+ 31. Kh3 Rf3# 0-1

[Event "DVM U12 2018"]
[Site "Magdeburg GER"]
[Date "2018.12.30"]
[Round "7"]
[White "Hoffmann, Sophia"]
[Black "Otto, Kian"]
[Result "1/2-1/2"]
[Termination "normal"]
[Board "10.4"]
[WhiteElo "1077"]
[BlackElo "1101"]
[WhiteTeam "Karlsruher SF"]
[BlackTeam "Muldental Wilkau-Haßlau"]
[PlyCount "154"]
[WhiteFideId "16259130"]
[EventCountry "GER"]
[EventRounds "7"]
[EventType "team-swiss"]
[EventDate "2018.12.26"]

1. d4 d5 2. Nc3 Nf6 3. Bf4 a6 4. e3 e6 5. Bd3 Bb4 6. Nf3 Ne4 7. Bxe4 dxe4 8.
Nd2 Bxc3 9. bxc3 Nc6 10. Nxe4 Bd7 11. Rb1 b5 12. O-O O-O 13. Qf3 Rc8 14. Qg3
Kh8 15. Nc5 Na5 16. Nxa6 Nc4 17. Rfe1 Na3 18. Rbc1 Bc6 19. Nxc7 Qf6 20. Na6 Qf5
21. Nb4 Bb7 22. Be5 f6 23. Bd6 Rfe8 24. Bc5 Qe4 25. f3 Qf5 26. Qg4 Qxg4 27.
fxg4 Nc4 28. Nd3 Nd2 29. Re2 Ne4 30. Bb4 Nxc3 31. Bxc3 Rxc3 32. Rf1 Kg8 33. Nc5
Bd5 34. a4 bxa4 35. Nxa4 Ra3 36. Nc5 Bc4 37. Nd3 Bxd3 38. cxd3 Rxd3 39. Kf2 e5
40. dxe5 Rxe5 41. Kf3 g5 42. Rc1 Re8 43. Rc6 Kg7 44. Rc7+ Kg6 45. g3 Rf8 46.
Rc6 h5 47. Ke4 Rd1 48. gxh5+ Kxh5 49. Kf5 Rf1+ 50. Ke6 Kg6 51. e4 Rd1 52. Ke7
Rdd8 53. Rxf6+ Rxf6 54. Kxd8 Rf7 55. h4 gxh4 56. gxh4 Kf6 57. h5 Ke6 58. Ke8
Ra7 59. Kd8 Kd6 60. Rd2+ Ke6 61. Rc2 Kd6 62. Rd2+ Ke6 63. Rg2 Kd6 64. Rg6+ Ke5
65. Ke8 Kxe4 66. Kf8 Kf5 67. Rc6 Ra8+ 68. Kg7 Ra7+ 69. Kh6 Rb7 70. Rg6 Rf7 71.
Rg7 Rf6+ 72. Rg6 Rf7 73. Rg2 Kf6 74. Rc2 Kf5 75. Rc5+ Kf6 76. Rc3 Kf5 77. Rg3
Kf6 1/2-1/2